International Trade and Foreign Direct Investment As Growth Stimulators in Transition Economies: Does the Impact of Institutional Factors Matter?

Dokument rozvíja všeobecný rámec výrobnej funkcie, doplnený o dve inštitucionálne premenné, konkrétne byrokraciu a korupciu na 28 transformujúcich sa ekonomikách v období rokov 2000 - 2015. Autori používajú rôzne ekonometrické špecifikácie: pevné efekty a tiež pokročilý systém generalizovanej metódy...

Descrizione completa

Salvato in:
Dettagli Bibliografici
Autore principale: Tsitouras, Antonis
Altri autori: Koulakiotis, Athanasios, Makris, Georgios, Papapanagos, Harry
Natura: Capitolo di libro
Lingua:inglese
Soggetti:
Tags: Aggiungi Tag
Nessun Tag, puoi essere il primo ad aggiungerne!!

MARC

LEADER 00000nla a2200000 4500
001 0242746
005 20220803161958.6
041 0 |a eng 
044 |a UA 
245 1 0 |a International Trade and Foreign Direct Investment As Growth Stimulators in Transition Economies: Does the Impact of Institutional Factors Matter? 
520 |a Dokument rozvíja všeobecný rámec výrobnej funkcie, doplnený o dve inštitucionálne premenné, konkrétne byrokraciu a korupciu na 28 transformujúcich sa ekonomikách v období rokov 2000 - 2015. Autori používajú rôzne ekonometrické špecifikácie: pevné efekty a tiež pokročilý systém generalizovanej metódy momentových (GMM) panelových dátových techník. 
610 2 0 |a obchod medzinárodný 
610 2 0 |a investície zo zahraničia 
610 2 0 |a investície priame zahraničné 
610 2 0 |a stimuly ekonomické 
610 2 0 |a transformácia 
610 2 0 |a korupcia 
610 2 0 |a byrokracia 
610 2 0 |a metódy matematické 
610 2 0 |a metódy kvantitatívne 
100 1 |a Tsitouras, Antonis 
700 1 |a Koulakiotis, Athanasios 
700 1 |a Makris, Georgios 
700 1 |a Papapanagos, Harry